<?xml version="1.0" encoding="UTF-8"?>
<collection xmlns="http://www.loc.gov/MARC21/slim">
<record>
  <controlfield tag="001">3559</controlfield>
  <controlfield tag="005">20180919112442.0</controlfield>
  <datafield tag="037" ind1=" " ind2=" ">
    <subfield code="a">CTALK-2018-0061</subfield>
  </datafield>
  <datafield tag="100" ind1=" " ind2=" ">
    <subfield code="a">Martínez Picar, Antonio</subfield>
  </datafield>
  <datafield tag="245" ind1=" " ind2=" ">
    <subfield code="a">New Capabilities of the Humain Radio-Astronomy Station</subfield>
  </datafield>
  <datafield tag="260" ind1=" " ind2=" ">
    <subfield code="c">2018</subfield>
  </datafield>
  <datafield tag="269" ind1=" " ind2=" ">
    <subfield code="c">2018-06-22</subfield>
  </datafield>
  <datafield tag="520" ind1=" " ind2=" ">
    <subfield code="a">Since 2008, the Humain Radio Astronomy Station in Belgium has been observing on a daily basis the radio emission from the Sun. With the support of the Solar Terrestrial Center of Excellence, the observing capabilities have been extended from a single radio spectrograph to currently three instruments providing dynamic spectra observations between 45 and 1495 MHz. The team in charge of the radio observations is actively setting up two new instruments expanding further out the frequency range from ~20 to 5000 MHz. By the end of 2018, dynamic spectra up to ~1.5 GHz and flux measurements above 1 GHz will be provided to the community on a daily basis. We give here an outline of the different instruments in operation and in development and discuss their use for the solar and space weather community. </subfield>
  </datafield>
  <datafield tag="536" ind1=" " ind2=" ">
    <subfield code="a">2STCE/</subfield>
    <subfield code="c">HUMAIN/</subfield>
    <subfield code="f">HUMAIN</subfield>
  </datafield>
  <datafield tag="594" ind1=" " ind2=" ">
    <subfield code="a">STCE</subfield>
  </datafield>
  <datafield tag="653" ind1="1" ind2=" ">
    <subfield code="a">SPADE</subfield>
  </datafield>
  <datafield tag="653" ind1="1" ind2=" ">
    <subfield code="a">SAFIRE</subfield>
  </datafield>
  <datafield tag="653" ind1="1" ind2=" ">
    <subfield code="a">Humain Radio-Astronomy Station</subfield>
  </datafield>
  <datafield tag="653" ind1="1" ind2=" ">
    <subfield code="a">HuRAS</subfield>
  </datafield>
  <datafield tag="700" ind1=" " ind2=" ">
    <subfield code="a">Marqué, Christophe</subfield>
  </datafield>
  <datafield tag="700" ind1=" " ind2=" ">
    <subfield code="a">Magdalenić, Jasmina</subfield>
  </datafield>
  <datafield tag="773" ind1=" " ind2=" ">
    <subfield code="t">17th RHESSI Workshop, Dublin, Ireland</subfield>
  </datafield>
  <datafield tag="856" ind1="0" ind2=" ">
    <subfield code="f">antonio.martinez@observatoire.be</subfield>
  </datafield>
  <datafield tag="856" ind1="4" ind2="2">
    <subfield code="a">http://rhessi17.lofar.ie</subfield>
  </datafield>
  <datafield tag="856" ind1="4" ind2=" ">
    <subfield code="s">16997788</subfield>
    <subfield code="u">http://publi2-as.oma.be/record/3559/files/2018_martinez_marque_magdalenic_rhessi17_humain.pdf</subfield>
  </datafield>
  <datafield tag="856" ind1="4" ind2=" ">
    <subfield code="s">6477</subfield>
    <subfield code="u">http://publi2-as.oma.be/record/3559/files/2018_martinez_marque_magdalenic_rhessi17_humain.gif?subformat=icon</subfield>
    <subfield code="x">icon</subfield>
  </datafield>
  <datafield tag="856" ind1="4" ind2=" ">
    <subfield code="s">7022</subfield>
    <subfield code="u">http://publi2-as.oma.be/record/3559/files/2018_martinez_marque_magdalenic_rhessi17_humain.jpg?subformat=icon-180</subfield>
    <subfield code="x">icon-180</subfield>
  </datafield>
  <datafield tag="906" ind1=" " ind2=" ">
    <subfield code="a">Contributed</subfield>
  </datafield>
  <datafield tag="980" ind1=" " ind2=" ">
    <subfield code="a">CTALKCONT</subfield>
  </datafield>
</record>
</collection>